000 00745nam a2200181 4500
999 _c5992
_d5992
008 161208b xxu||||| |||| 00| 0 eng d
022 _a00223541
082 _aDPer 155.205 J82 Feb- Apr 2016 v.110, n. 2 - 4
100 _918185
_aSoest, Tilmann von
245 _aThe development of global and domain specific self-esteem from age 13 to 31/
_cTilmann von Soest, Lars Wichstrom and Ingela Lundin Kvalem.
260 _aWashington DC:
_bAmerican Psychological Association,
_c©Feb-Apr 2016.
300 _av110 n4, pages 592-608;
_c11 cm.
500 _aJournal of personality and social psychology.
650 0 _918186
_aSelf-esteem
700 _918187
_aWichstrom, Lars
_eAuthor
700 _918188
_aKvalem, Ingela Lundin
_eAuthor
942 _2ddc
_cPER